| 000 | 00888cam a22001814a 4500 | ||
|---|---|---|---|
| 005 | 20250605164402.0 | ||
| 008 | 250528s ||||||||||||||||||||||||d | ||
| 035 | _a24649 | ||
| 040 |
_aGR-AtMCL _bgre _dGR-AtMCL _eAACR2 |
||
| 245 | 1 | _aΜεσίτες και Πράκτορες 2021 / Όταν τα Δίκτυα Διαμεσολάβησης 'Μιλούν' στην Επιχειρηματική Κοινότητα | |
| 300 | _a96 | ||
| 520 | _aΟι 40 Ισχυρότεροι Διαμεσολαβητές, Ασφάλιση Εργασιών και Ακαθάριστων Κερδών, Το Προφίλ του Έλληνα Διαμεσολαβητή, Η Πανδημία της Τεχνολογίας και η Ασφάλιση. | ||
| 700 | 1 |
_aΜωράκης Φίλιππος _99500 |
|
| 942 | _cCR | ||
| 260 | _bMorax Media S.A | ||
| 999 |
_c9516 _d9516 |
||